000 00470nam a2200193Ia 4500
005 20140403143403.0
008 140130s9999 xx 000 0 und d
020 _a9780439888073
050 _aPZ 7
_b.L345g13 2007
100 _aLasky, Kathryn
_96040
245 _cKathryn Lasky.
_aTh river of wind /
260 _bScholastic,
_c2007.
_aUSA :
300 _a202 p. :
_c19 cm.
440 _v1
521 _aG6
526 _c810
942 _cBK
_2lcc
999 _c41185
_d41185